000 00844nac a22002657a 4500
001 BR8003804
003 BR-BrBNA
005 20240105114727.0
008 230509b bl.|||m| |||| 00| 0 por d
040 _aBR-BrBNA
_bpor
_cBiblioteca Nacional de Agricultura
072 _aF10
090 _aF10 BR8003804
100 1 _aTavares, A. de S.
100 1 _aEllis, J.
110 1 _aInstituto Nacional de Meteorologia, Brasilia, DF (Brasil)
_96486
245 1 _aChuva maxima em um dia no Nordeste do Brasil
260 3 _aBrasilia, DF (Brasil):
_c1980.
300 _a75 p.
490 _aBoletim Tecnico - Instituto Nacional de Meteorologia (Brazil)
_vno. 18
_x
500 _a13 illus.; 6 ref.; Summaries (En, Pt)
650 _aCHUVA
650 _aREGIAO NORDESTE
909 _a202312
_bLúcia Elande
_c55
_dLúcia Elande
942 _2AGRIS
_n0
_cMS
999 _c270982
_d270982